000 00622nam a2200229Ia 4500
003 OSt
005 20220918214147.0
006 a|||||r|||| 00| 0
007 ta
008 220917b |||||||| |||| 00| 0 eng d
024 _a136,060
037 _cTextual
040 _aARTS
_cARTS
_beng
041 _2eng
_aeng
082 _aX9.8.N5, K3
100 _aHunter Alex Ed
_9130011
245 0 _aEconomics of Australian industry
_b Studies in environment and structure
260 _aNA
_bNA
_c1963
650 _aECONOMICS
942 _hX9.8.N5, K3
_cTEXL
_2CC
999 _c259150
_d259150